<?xml version="1.0" encoding="UTF-8"?>
<record
    xmlns:xsi="http://www.w3.org/2001/XMLSchema-instance"
    xsi:schemaLocation="http://www.loc.gov/MARC21/slim http://www.loc.gov/standards/marcxml/schema/MARC21slim.xsd"
    xmlns="http://www.loc.gov/MARC21/slim">

  <leader>01160nam0a2200301   4500</leader>
  <controlfield tag="001">RU\NLR\bibl\1143249</controlfield>
  <controlfield tag="005">20250615074332.0</controlfield>
  <datafield tag="010" ind1=" " ind2=" ">
    <subfield code="a">5-8827-1336-6</subfield>
    <subfield code="9">1000</subfield>
  </datafield>
  <datafield tag="021" ind1=" " ind2=" ">
    <subfield code="a">RU</subfield>
    <subfield code="b">2007-62437</subfield>
    <subfield code="9">3334</subfield>
  </datafield>
  <datafield tag="035" ind1=" " ind2=" ">
    <subfield code="a">(NLR Aleph) 001130091</subfield>
  </datafield>
  <datafield tag="090" ind1=" " ind2=" ">
    <subfield code="a">1352399</subfield>
    <subfield code="c">1352399</subfield>
  </datafield>
  <datafield tag="100" ind1=" " ind2=" ">
    <subfield code="a">20071019d2007    |||y0rusy50      ca</subfield>
  </datafield>
  <datafield tag="101" ind1="0" ind2=" ">
    <subfield code="a">rus</subfield>
  </datafield>
  <datafield tag="102" ind1=" " ind2=" ">
    <subfield code="a">RU</subfield>
  </datafield>
  <datafield tag="105" ind1=" " ind2=" ">
    <subfield code="a">a   |||||||||</subfield>
  </datafield>
  <datafield tag="200" ind1="1" ind2=" ">
    <subfield code="a">&#x420;&#x443;&#x441;&#x441;&#x43A;&#x438;&#x439; &#x430;&#x43D;&#x442;&#x438;&#x445;&#x440;&#x438;&#x441;&#x442;</subfield>
    <subfield code="e">[&#x43A;&#x43D;&#x438;&#x433;&#x430; &#x441;&#x442;&#x438;&#x445;&#x43E;&#x432;]</subfield>
    <subfield code="f">&#x42D;&#x434;&#x434;&#x438; &#x42D;&#x440;&#x438;&#x43A;&#x441;&#x441;&#x43E;&#x43D;</subfield>
  </datafield>
  <datafield tag="210" ind1=" " ind2=" ">
    <subfield code="a">&#x41C;&#x43E;&#x441;&#x43A;&#x432;&#x430;</subfield>
    <subfield code="c">&#x420;&#x430;&#x433;&#x43D;&#x430;&#x440;&#x435;&#x43A;</subfield>
    <subfield code="d">2007</subfield>
  </datafield>
  <datafield tag="215" ind1=" " ind2=" ">
    <subfield code="a">459, [4] c.</subfield>
    <subfield code="c">&#x438;&#x43B;.</subfield>
    <subfield code="d">21</subfield>
  </datafield>
  <datafield tag="327" ind1="1" ind2=" ">
    <subfield code="a">&#x421;&#x43E;&#x434;&#x435;&#x440;&#x436;. &#x446;&#x438;&#x43A;&#x43B;&#x44B;: &#x413;&#x435;&#x440;&#x43E;&#x438; &#x43D;&#x430;&#x448;&#x435;&#x433;&#x43E; &#x432;&#x440;&#x435;&#x43C;&#x435;&#x43D;&#x438;; &#x41D;&#x43E;&#x432;&#x44B;&#x439; &#x421;&#x430;&#x442;&#x438;&#x440;&#x438;&#x43A;&#x43E;&#x43D;; &#x421;&#x430;&#x442;&#x430;&#x43D;&#x438;&#x43D;&#x441;&#x43A;&#x438;&#x435; &#x441;&#x442;&#x438;&#x445;&#x438;; &#x413;&#x438;&#x442;&#x43B;&#x435;&#x440;&#x438;&#x430;&#x43D;&#x430;; &#x412;&#x43E;&#x437;&#x432;&#x440;&#x430;&#x449;&#x435;&#x43D;&#x438;&#x435; &#x431;&#x43E;&#x433;&#x43E;&#x432;; "&#x414;&#x43E;&#x431;&#x440;&#x44B;&#x435;" &#x441;&#x442;&#x438;&#x445;&#x438;; &#x410;&#x440;&#x433;&#x435;&#x43D;&#x442;&#x438;&#x43D;&#x441;&#x43A;&#x438;&#x435; &#x442;&#x430;&#x43D;&#x43A;&#x438;; &#x425;&#x43E;&#x43A;&#x43A;&#x443;; &#x41F;&#x440;&#x43E; &#x43B;&#x44E;&#x431;&#x43E;&#x432;&#x44C;; &#x41E;&#x441;&#x435;&#x43D;&#x44C; &#x434;&#x43D;&#x435;&#x439; &#x43C;&#x43E;&#x438;&#x445;</subfield>
  </datafield>
  <datafield tag="686" ind1=" " ind2=" ">
    <subfield code="a">&#x428;6(2=&#x420;)75-5</subfield>
  </datafield>
  <datafield tag="700" ind1=" " ind2="1">
    <subfield code="a">&#x42D;&#x440;&#x438;&#x43A;&#x441;&#x441;&#x43E;&#x43D;</subfield>
    <subfield code="b">&#x42D;.</subfield>
    <subfield code="g">&#x42D;&#x434;&#x434;&#x438;</subfield>
    <subfield code="4">070</subfield>
  </datafield>
  <datafield tag="801" ind1=" " ind2="0">
    <subfield code="a">RU</subfield>
    <subfield code="b">NLR</subfield>
    <subfield code="c">20071019</subfield>
    <subfield code="g">RCR</subfield>
  </datafield>
  <datafield tag="801" ind1=" " ind2="1">
    <subfield code="a">RU</subfield>
    <subfield code="b">NLR</subfield>
    <subfield code="c">20071019</subfield>
  </datafield>
  <datafield tag="942" ind1=" " ind2=" ">
    <subfield code="c">BOOK</subfield>
  </datafield>
  <datafield tag="980" ind1=" " ind2=" ">
    <subfield code="a">NB</subfield>
  </datafield>
  <datafield tag="995" ind1=" " ind2=" ">
    <subfield code="5">2007-10-19</subfield>
    <subfield code="a">ad</subfield>
    <subfield code="b">NLR01</subfield>
    <subfield code="c">NLR01</subfield>
    <subfield code="e">RF9</subfield>
    <subfield code="f">2530894</subfield>
    <subfield code="k">2007-3/28921</subfield>
    <subfield code="o">0</subfield>
    <subfield code="r">BOOK</subfield>
    <subfield code="s">2007328921_</subfield>
  </datafield>
  <datafield tag="995" ind1=" " ind2=" ">
    <subfield code="5">2007-10-19</subfield>
    <subfield code="a">ad</subfield>
    <subfield code="b">NLR01</subfield>
    <subfield code="c">NLR01</subfield>
    <subfield code="e">RF9</subfield>
    <subfield code="f">2530896</subfield>
    <subfield code="k">2007-3/28921</subfield>
    <subfield code="o">0</subfield>
    <subfield code="r">BOOK</subfield>
    <subfield code="s">2007328921_</subfield>
  </datafield>
</record>
